00503nam a2200181 a 4500001001300000003000900013005001700022008004100039020002600080082001500106100002300121245004600144260003300190300000900223500003500232505001700267650003700284nice12345678IN_TiNIC20260116012813.0050524s1983 newa grp 000 0 eng  a0883441 c438.5500a261.2bAND aAnderson, Gerald H aChrist`s Lordship and Religious Pluralism aNew YorkbOrbis Books c1983 a209p aincludes index and biblioraphy2 aBibliography aChristianity and Other Religions